Lecturas sobre la transición

Uloženo v:
Podrobná bibliografie
Hlavní autor: Vuskovic Céspedes, Pedro
Médium: Text
Vydáno: México D.F.: UNAM
Tagy: Přidat tag
Žádné tagy, Buďte první, kdo vytvoří štítek k tomuto záznamu!

MARC

LEADER 00000 a a2200000 04500
001 23718
003
040
090 |a 167100  
100 |a Vuskovic Céspedes, Pedro  
245 |a Lecturas sobre la transición  
260 |a México D.F.:   |b UNAM  
300 |a 578 p.  
999 |c 12835  |d 12835